01239nam a22003137a 4500003000400000005001700004008004100021040002200062082001800084100002500102245003000127260006000157300002100217366000800238490003200246505001200278505006700290505003500357505014400392505001200536650005500548650004700603650004800650650004300698650004500741650005600786650004700842700003600889OSt20230616142607.0221006b |||||||| |||| 00| 0 eng d cBiblioteca Lado V a709.05bG851a aGriffin, Timeeditor aArtforum/bInternacional/ aNew Yorkc2014bNew York editorial and business offices c26.5x27cma404p. espa aSeptiembrev2014x0864-1315 tLetters tCOLUMNSaPassages Books Film On Site Architecture Top Ten tPREVIEWSaFall 2014 Exhibition tFEATURESgAmerican Idol Jeff Koons Serra in the Desert Live and Direct Close-Up Too much Information Noa Noa on the wannsee Openning tReviews 2Tesauro de Arte & ArquitecturaaARTE COMTEMPORANEO 2Tesauro de Arte & ArquitecturaaFOTOGRAFIA 2Tesauro de Arte & ArquitecturaaARTE VISUAL 2Tesauro de Arte & ArquitecturaaLIBROS 2Tesauro de Arte & ArquitecturaaNOTICIAS 2 Tesauro de Arte & ArquitecturaaARTE INTERNACIONAL 2 Tesauro de Arte & ArquitecturaaESCULTURA aNavarreta, Jose Antonioeeditor